000 02029nam a2200217Ia 4500
003 Ost
005 20260507075410.0
008 260507s9999||||xx |||||||||||||| ||und||
040 _cfsecg
041 _aara
082 _a600
100 _aسرايا، محمد السيد
_eمؤلف
245 0 _aالمحاسبة المالية في شركات الأشخاص، شركات الأموال، الشركات القابضة والتابعة :
_bالمفاهيم-الإجراءات-القيود-الحسابات-التسويات-القوائم المالية للشركات-القوائم المالية المجمعة /
_c محمد السيد سرايا
260 _aالإسكندرية:
_bدار المطبوعات الجامعية,
_c2008
300 _a992 صفحة؛
_bإيضاحات ؛
_c24 سم
520 _aيضم المحاسبة في شركات الأشخاص:فيما يخص التكوين وتوزيع الأرباح والحسابات الختامية في شركات الأشخاص، تعديل العقد في شركات الأشخاص، تصفية شركات الأشخاص(التصفية الفورية)، نتائج التصفية في شركات الأشخاص(التصفية التدريجي)، الاندماج في شركات الأشخاص ويضم المحاسبة في شركات الأموال فيما يخص تكوين شركات الأموال(رأس مال الأسهم)، قرض السندات، المحاسبة في الشركات القابضة والتابعة، الشركات القابضة والتابعة وعوامل ظهورها والمفاهيم المتعلقة بها، القوائم المالية المجمعة في تاريخ السيطرة أوالاقتناء، القوائم المالية المجمعة بعد تاريخ الاقتناء(السيطرة)، إجابة عن الأسئلة والتطبيقات
653 _aالشركات- المحاسبة
653 _aالمالية العامة
653 _aالمحاسبة التحليلية
942 _cكتاب
999 _c44373
_d44373